00332nam a2200121Ia 4500008004100000041000800041082001500049100002700064245006800091260000800159365001600167700002700183230718s9999 xx 000 0 und d aeng a623.8bIMS aIms Learning Resources aNautical MilesbA Fun Way To Build Vocabulary For Various Tests bIms cRs.b250.00 aIms Learning Resources